Ewige Tabelle Basketball Bundesliga - Statistiken

Allgemein
  • Dieses Quiz wurde 449 mal gespielt
    154 seit der letzten Aktualisierung
  • Das Durchschnittsergebnis liegt bei 41 aus 82
Antwortstatistiken
Antwort % Korrekt
ALBA BERLIN
98%
Berliner SV 92
98%
Neuköllner Sportfreunde Berlin
98%
FC Bayern München
95%
BCJ Hamburg Tigers
85%
Hamburger TB
85%
Hamburg Towers
85%
SV St. Georg Hamburg
85%
FRAPORT SKYLINERS
84%
Eintracht Frankfurt
83%
PSV Grün-Weiß Frankfurt
83%
Galatasaray Köln (ehemals Saturn Köln)
80%
Köln 99ers
80%
Ruwa Dellwig (ehemals Niederrhein Essen)
78%
ratiopharm ulm
77%
Telekom Baskets Bonn
77%
Brose Bamberg
75%
s.Oliver Würzburg
69%
TG 78 Würzburg
69%
Basketball Löwen Braunschweig
67%
Bayer Giants Leverkusen
67%
EWE Baskets Oldenburg
67%
MHP RIESEN Ludwigsburg
64%
ATV Düsseldorf
63%
Düsseldorfer BG ART/TVG
63%
Gloria GIANTS Düsseldorf
63%
TuSa Düsseldorf
63%
Rostock Seawolves
62%
JobStairs GIESSEN 46ers
61%
TBB Trier
61%
sellbytel Baskets Nürnberg
60%
Science City Jena
59%
BG BC/USC München
58%
NINERS Chemnitz
58%
SVD 49 Dortmund
58%
TSV 1860 München
58%
ASC 46 Göttingen
55%
BG Göttingen
55%
BG Großburgwedel/Hannover 96
55%
Brandt Hagen
55%
Eisbären Bremerhaven
55%
Heidelberger TV
55%
Phoenix Hagen
55%
Post SV Hannover
55%
SYNTAINICS MBC
55%
TK Hannover
55%
TSV 1860 Hagen
55%
USC Heidelberg
55%
RASTA Vechta
52%
USC Freiburg
50%
medi bayreuth
49%
BG Karlsruhe
45%
Rockets Erfurt
44%
USC Mainz
44%
WALTER Tigers Tübingen
42%
Artland Dragons
39%
Böwe Augsburg
39%
HAKRO Merlins Crailsheim
39%
USC Medico Münster
37%
webmoebel Baskets (ehemals Paderborn Baskets)
35%
ADW Koblenz
32%
BC Giants Osnabrück
32%
VfL Osnabrück
32%
TV Langen
27%
BC Darmstadt
26%
FC Schalke 04
23%
BG TuS/PAM Aschaffenburg
17%
TG Hanau
17%
TV TATAMI Rhöndorf
12%
Giants Nördlingen
11%
TV 1860 Lich
9%
TG Hitachi Landshut
8%
Union Baskets Schwelm
8%
MTV Wolfenbüttel
7%
Ruhr Devils (ehemals TuS Herten)
7%
SV Tally Oberelchingen
3%
TuS Bramsche
3%
MTSV Schwabing
2%
SV Möhringen
2%
TV Eppelheim
2%
TV Grafenberg
2%
TV Kirchheimbolanden
2%
Keine übereinstimmenden Quizze gefunden
Verteilung der Resultate
Anzahl Personen mit jedem Resultat
Perzentil nach korrekt beantworteten Fragen
Ihre Resultats-Entwicklung
Sie haben dieses Quiz seit der letzten Aktualisierung nicht gespielt